00334pab a2200121 454500008004000000100002700040245006000067260000900127300001400136362000800150650002200158773003200180180718b2004 xxu||||| |||| 00| 0 eng d aSinha, Abhishek et al. aRelationship between corporate growth and profitability c2004 ap.425-42. aJan aFinancial markets aIndian Journal of Economics